| 000 | 00488nam a2200205Ia 4500 | ||
|---|---|---|---|
| 008 | 170918s9999 xx 000 0 und d | ||
| 020 | _a9780439095532 | ||
| 050 | _bS949 1999 | ||
| 100 | _aSullivan, George | ||
| 245 | _aLewis and Clark : | ||
| 245 | _bin their own words / | ||
| 245 | _cGeorge Sullivan. | ||
| 260 | _aNew York : | ||
| 260 | _bScholastic, | ||
| 260 | _c1999 | ||
| 300 | _a128 pages : | ||
| 300 | _bcolored illustration ; | ||
| 300 | _c19cm. | ||
| 500 | _a710 | ||
| 999 |
_c342037 _d342037 |
||